Statistiken für Bunte Länder der Welt

Klicken Sie hier um das Quiz zu spielen!

Allgemein

  • Dieses Quiz wurde 385 mal gespielt
  • Das Durchschnittsergebnis liegt bei 156 aus 196

Antworten auf der Karte

Die Antworten werden auf der Karte rot bzw. grün angezeigt, abhängig davon wie oft sie richtig erraten wurden.
 

Antwortstatistiken

Land% Korrekt
Vereinigte Staaten
98%
Kanada
97%
Deutschland
96%
Russland
96%
Brasilien
95%
Mexiko
95%
Australien
94%
Chile
94%
China
94%
Dänemark
94%
Frankreich
94%
Spanien
94%
Indien
93%
Italien
93%
Norwegen
93%
Schweden
93%
Argentinien
92%
Finnland
92%
Irland
92%
Polen
92%
Vereinigtes Königreich
92%
Belgien
91%
Island
91%
Portugal
91%
Schweiz
91%
Ukraine
91%
Ägypten
90%
Iran
90%
Japan
90%
Lettland
90%
Niederlande
90%
Peru
90%
Südafrika
90%
Belarus
89%
Estland
89%
Kolumbien
89%
Litauen
89%
Österreich
89%
Türkei
89%
Griechenland
88%
Irak
88%
Kroatien
88%
Marokko
88%
Neuseeland
88%
Nordkorea
88%
Südkorea
88%
Tschechien
88%
Venezuela
88%
Indonesien
87%
Kasachstan
87%
Luxemburg
87%
Mongolei
87%
Saudi-Arabien
87%
Uruguay
87%
Albanien
86%
Bolivien
86%
Bosnien und Herzegowina
86%
Bulgarien
86%
Niger
86%
Rumänien
86%
Slowakei
86%
Slowenien
86%
Ungarn
86%
Algerien
85%
Dem Rep Kongo
85%
Kongo
85%
Kuba
85%
Madagaskar
85%
Nigeria
85%
Nordmazedonien
85%
Thailand
85%
Kosovo
84%
Paraguay
84%
Serbien
84%
Afghanistan
83%
Ecuador
83%
Israel
83%
Jemen
83%
Liechtenstein
83%
Panama
83%
Sudan
83%
Vietnam
83%
Andorra
82%
Libyen
82%
Malta
82%
Pakistan
82%
Philippinen
82%
Zypern
82%
Tunesien
81%
Honduras
80%
Mali
80%
Moldawien
80%
Montenegro
80%
Oman
80%
Syrien
80%
Ghana
79%
Haiti
79%
Jamaika
79%
Katar
79%
Kenia
79%
Nepal
79%
Papua-Neuguinea
79%
San Marino
79%
Turkmenistan
79%
Usbekistan
79%
Vatikanstadt
79%
Vereinigte Arabische Emirate
79%
Angola
78%
Aserbaidschan
78%
Costa Rica
78%
Dominikanische Republik
78%
Kirgisistan
78%
Laos
78%
Monaco
78%
Somalia
78%
Sri Lanka
78%
Südsudan
78%
Tschad
78%
Armenien
77%
Bangladesch
77%
Côte d'Ivoire
77%
Georgien
77%
Guatemala
77%
Guyana
77%
Myanmar
77%
Namibia
77%
Jordanien
76%
Kambodscha
76%
Senegal
76%
Bahamas
75%
Libanon
75%
Malaysia
75%
Nicaragua
75%
Suriname
75%
Tadschikistan
75%
Äthiopien
74%
Bhutan
74%
El Salvador
74%
Mauretanien
74%
Taiwan
74%
Tansania
74%
Togo
74%
Belize
73%
Botswana
73%
Guinea
73%
Seychellen
73%
Uganda
73%
Eritrea
72%
Fidschi
72%
Kamerun
72%
Malediven
72%
Sambia
72%
Barbados
71%
Lesotho
71%
Simbabwe
71%
Singapur
71%
Trinidad und Tobago
71%
Zentralafrikanische Republik
71%
Bahrain
70%
Liberia
70%
Mosambik
70%
Eswatini
69%
Kuwait
69%
Äquatorial-Guinea
68%
Benin
68%
Cabo Verde
68%
Mauritius
68%
Mikronesien
68%
Burkina Faso
67%
Gambia
67%
Malawi
67%
Sierra Leone
67%
St. Lucia
67%
Burundi
66%
Dominica
66%
Dschibuti
66%
Gabun
66%
Guinea-Bissau
66%
Ruanda
66%
Antigua und Barbuda
65%
Brunei
65%
St. Kitts und Nevis
65%
Timor-Leste
65%
Tuvalu
65%
Kiribati
64%
Komoren
64%
Marshallinseln
64%
Palau
64%
St. Vincent und die Grenadinen
64%
Vanuatu
64%
São Tomé und Príncipe
63%
Tonga
63%
Grenada
62%
Nauru
62%
Salomonen
62%
Samoa
62%

Verteilung der Resultate

Perzentil nach korrekt beantworteten Fragen

Anzahl Personen mit jedem Resultat

Ihre Resultats-Entwicklung

Sie haben dieses Quiz noch nicht gespielt